000 00667nam a2200229 a 4500
008
020 _a0521452244 (hbk.)
049 _aMAIN
090 0 1 _aQD39 NEW
245 0 4 _aThe new chemistry /
_ceditor-in-chief, Nina Hall.
260 _aCambridge, U.K. :
_bCambridge University Press,
_c2000.
300 _axi, 493 p. :
_bill. (some col.) ;
_c26 cm.
504 _aIncludes bibliographical references.
500 _aIncludes index.
650 0 _aChemistry.
700 1 _aHall, Nina.
907 _a.b10159848
_b25-10-06
_c15-03-05
003
005 20230123134211.0
040 _cNUST
942 _cBOOKS
_kQD39 NEW
999 _c161771
_d161771